| 000 | 00554nac a22001811u 4500 | ||
|---|---|---|---|
| 020 | _a0195676955 | ||
| 082 |
_a658.45 _bRAM |
||
| 090 |
_c7015 _d7015 |
||
| 100 | _aRaman, Meenakshi | ||
| 245 |
_aBusiness communication/ _cMeenakshi Raman & Prakash Singh |
||
| 260 |
_aNew Delhi: _bOxford University,2006 _c2006 |
||
| 300 |
_a595p.: _bill.; _c24 cm. |
||
| 500 | _adistributer: Al-Aram | ||
| 511 | _acatalogued by wessam | ||
| 650 | _aBusiness communication | ||
| 700 | _aSingh, Praksh | ||
| 942 |
_cBB _k658.45RAM |
||
| 999 |
_c7015 _d7015 |
||